Gua̕ Temt̀ica Financiera

Bibliographic Details
Main Author: Baena Toro, Diego
Other Authors: Hoyos Walteros, Hernǹ
Format: eBook
Language:Spanish
Published: Bogot ̀: ECOE, 2008
Subjects:
Online Access:http://www.vlex.com/source/7671

MARC

LEADER 00000nam a22000007a 4500
005 20130327122419.0
007 cr|||| ||||
008 130327e2008 ck |||||s|||| 00||0 spa d
020 |a 978-958-648-533-3 
035 |a 7671 
040 |a vLex 
090 |c 4049  |d 4049 
100 1 0 |a Baena Toro, Diego  
245 1 0 |a Gua̕ Temt̀ica Financiera  |c / Diego Baena Toro  |h [Recurso electrn̤ico] 
256 |a Servicio en ln̕ea  
260 |a Bogot ̀:   |b ECOE,   |c 2008  
300 |a 1 Recurso electrn̤ico 
506 |d vLex Global  |d vLex Global (Academic Edition, excluding Law Schools)  |d vLex Global (U.S. Academic Edition, Law Schools)  |d vLex Global (U.S. Academic Edition, excluding Law Schools)  |d vLex Global (Academic Edition, Law Schools) 
650 0 4 |a Finanzas  |v Diccionarios 
650 0 4 |a Economa̕  |v Diccionarios 
650 0 4 |a Administracin̤ (Management)  |v Diccionarios 
700 1 0 |a Hoyos Walteros, Hernǹ  
740 |a vLex Libros (Servicio en ln̕ea) 
856 |a Acceso restringido  |u http://www.vlex.com/source/7671 
942 |c BOOK 
999 0 |a Finance